Statistics for films movies and TV shows Disney+

Click here to take the quiz!

General Stats

  • This quiz has been taken 11 times
  • The average score is 3 of 15

Answer Stats

HintAnswer% Correct
Pedro Pascal & Temuera Morrisonthe Mandalorian
63%
Chris Evans & Tom Hollandcivil war
38%
Arnold Schwarzenegger & Linda HamiltonTerminator 6
38%
Tom Hanks & Christina Hendrickstoy story
38%
Sebastian Stan & Wyatt Russellthe falcon and winter soldier
25%
Rosa Salazar & Mahershala AliAlita
13%
Chris Hemsworth & Vin Dieselendgame
13%
Jodie Foster & Sean Beanflight plan
13%
Christian Bale & Noah Jupeford vs ferrari
13%
Gilberto Ortiz & Sean Burgosgrowing fangs
13%
Taika Waititi & Stephen MerchantJojo Rabbit
13%
Awkwafina & Daniel Dae KimRaya and the Last Dragon
13%
Felicity Jones & Guy Henryrogue one
13%
Mandy Moore & M. C. Gaineytangled
13%
John C. Reilly & Jack McBrayerwreck it ralph
13%

Score Distribution

Percentile by Number Answered

Percent of People with Each Score

Your Score History

You have not taken this quiz